Mortgage lenders nervous (Record no. 117031)

MARC details
000 -LEADER
fixed length control field 01133cam a2200229 4500
001 - CONTROL NUMBER
control field WB4007-01
008 - FIXED-LENGTH DATA ELEMENTS--GENERAL INFORMATION
fixed length control field 040218n2004 000 0 eng u
035 ## - SYSTEM CONTROL NUMBER
System control number (Sirsi) u125179
245 ## - TITLE STATEMENT
Title Mortgage lenders nervous
260 ## - PUBLICATION, DISTRIBUTION, ETC.
Date of publication, distribution, etc. 2004
490 ## - SERIES STATEMENT
Series statement Inside Housing
Volume/sequential designation 13 February 2004, 10(1)
520 ## - SUMMARY, ETC.
Summary, etc. A report investigating the UK's off-site manufacturing industry in relation to housing construction has caused concern among mortgage lenders. "Manufacturing excellence: UK capacity in offsite manufacturing", published by the Housing Forum, supports the use of prefabricated components in house building. However, mortgage lenders want an independent assessment of such buildings before they guarantee their future mortgageable value. "Manufacturing excellence" is available at http://www.constructingexcellence.org.uk/sectors/h ousingforum.
590 ## - LOCAL NOTE (RLIN)
Local note WB
590 ## - LOCAL NOTE (RLIN)
Local note WB
650 ## - SUBJECT ADDED ENTRY--TOPICAL TERM
Topical term or geographic name entry element OFF-SITE MANUFACTURING
650 ## - SUBJECT ADDED ENTRY--TOPICAL TERM
Topical term or geographic name entry element PREFABRICATED HOUSING
650 ## - SUBJECT ADDED ENTRY--TOPICAL TERM
Topical term or geographic name entry element MORTGAGE LENDERS
650 ## - SUBJECT ADDED ENTRY--TOPICAL TERM
Topical term or geographic name entry element HOUSING NEEDS
650 ## - SUBJECT ADDED ENTRY--TOPICAL TERM
Topical term or geographic name entry element HOUSE BUILDING
690 ## - LOCAL SUBJECT ADDED ENTRY--TOPICAL TERM (OCLC, RLIN)
Topical term or geographic name as entry element BUILDING AND CONSTRUCTION-MATERIALS AND PRODUCTS
942 ## - ADDED ENTRY ELEMENTS (KOHA)
Suppress in OPAC 0
Holdings
Withdrawn status Lost status Source of classification or shelving scheme Damaged status Not for loan Home library Current library Shelving location Date acquired Total Checkouts Full call number Barcode Date last seen Copy number Price effective from Koha item type
    Dewey Decimal Classification     London London News article 18/02/2004   WB4007-01 125179-1001 06/08/2019 1 06/08/2019 News article